000 00432nam a2200181Ia 4500
001 2917
005 20260306144842.0
008 260306t2013||||xx |||||||||||||| ||spa||
041 _aESP
082 _a233.1
_bS719
100 _aSayés, José Antonio
_eAUT
245 0 _aLa creación el misterio del hombre
260 _c2013
300 _a229 páginas :
_c23 cm.
650 _aGEN
654 _aCHU
942 _cLIB
_dJUS
_fJUS
_2ddc
_n
999 _c2917
_d2917